000 00755nam a2200265Ia 4500
003 OSt
005 20220918164921.0
006 a|||||r|||| 00| 0
007 ta
008 220917b |||||||| |||| 00| 0 eng d
020 _a081339968 (pbk)
024 _a161,577
037 _cTextual
040 _aARTS
_cARTS
_beng
041 _2eng
_aeng
082 _a#(:f), N7
100 _aScharpf Fritz W.
_921669
245 0 _aGames real actors play
_b actor-centered institutionalism in policy research
260 _aUSA
_bWestview Press
_c1997
300 _axvi, 318p.
_ccm.
490 _aTheoretical lenses on public policy
650 _aSOCIAL SCIENCES
942 _h#(:f), N7
_cTEXL
_2CC
999 _c127392
_d127392